| 000 | 00631nam a22002057a 4500 | ||
|---|---|---|---|
| 005 | 20240503114607.0 | ||
| 010 | _aENG-139157 | ||
| 020 |
_a9789352838257 _c620.00 |
||
| 035 | _aEN-122689 | ||
| 037 | _bDBAD/PUB | ||
| 082 |
_a381 _21 _b1 |
||
| 100 |
_aGupta C.B _965563 |
||
| 245 |
_aISC COMMERCE/ _cBy C.B. Gupta _hEnglish |
||
| 260 |
_aNew Delhi _b S Chand Publication _c2020 |
||
| 270 |
_ab-1/D-1,Ground Floor,, Mohan Co-operative Industrial Estate, Mathura Road _bNew Delhi _e110044 |
||
| 300 |
_a424 Pages _c24.cm hbk |
||
| 490 | _vVol 2 | ||
| 700 |
_aGupta C.B _961835 |
||
| 942 |
_cEN _h381 _2ddc _mGUP _e2020 |
||
| 999 |
_c200623 _d200623 |
||